000
00309nam a2200097Ia 4500
082
_a
781.630968 CHI
245
0
_a
History of contemporary music of South Africa. Part 01
100
_a
Yudelman, Dale Auckland Park, South Africa, 2012
_9
72580
942
_c
BK
008
210817s9999 xx 000 0 und d
999
_c
236968
_d
236967